| 000 | 00615nas a2200229Ia 4500 | ||
|---|---|---|---|
| 001 | A06/R075-5427 [r000002601] | ||
| 003 | IT-MiCISF | ||
| 005 | 20230302154756.0 | ||
| 008 | 161014c99999999xx |||||||||||| ||und|| | ||
| 040 |
_aIT-MiCISF _cIT-MiCISF |
||
| 041 | _aitaliano | ||
| 100 |
_aMori Maurizio _956311 |
||
| 245 | 0 | _aRiproduzione: aspetti bioetici | |
| 250 | _a"Notizie di Politeia", n. 18 | ||
| 260 | _c1990 | ||
| 300 | _app. 16-20 | ||
| 500 | _a procreazione-artificiale, bioetica, tecnologie-riproduttive | ||
| 650 |
_aBioetica _956169 |
||
| 654 | _aarticolo | ||
| 942 |
_cCR _2ddc |
||
| 999 |
_c230687 _d230687 |
||
| 999 | _bSi | ||